The psychology of counseling; (Record no. 619)

MARC details
000 -LEADER
fixed length control field 00820cam a22002411 4500
001 - CONTROL NUMBER
control field 4530402
003 - CONTROL NUMBER IDENTIFIER
control field GBCCL
005 - DATE AND TIME OF LATEST TRANSACTION
control field 20241126110342.0
008 - FIXED-LENGTH DATA ELEMENTS--GENERAL INFORMATION
fixed length control field 790713s1960 miu bd 000 0 eng
010 ## -
-- 60010242
040 ## - CATALOGING SOURCE
Original cataloging agency DLC
Transcribing agency DLC
Modifying agency DLC
050 00 -
-- BV4012.2
-- .N3
082 00 - DEWEY DECIMAL CLASSIFICATION NUMBER
Classification number 253.5
Item number NAR
100 1# - MAIN ENTRY--PERSONAL NAME
Personal name Narramore, Clyde M.
Fuller form of name (Clyde Maurice),
Dates associated with a name 1916-
245 14 - TITLE STATEMENT
Title The psychology of counseling;
Remainder of title professional techniques for pastors, teachers,
Statement of responsibility, etc. youth leaders, and all who are engaged in the incomparable art of counseling.
260 ## - PUBLICATION, DISTRIBUTION, ETC.
Place of publication, distribution, etc. Grand Rapids,
Name of publisher, distributor, etc. Zondervan Pub. House
Date of publication, distribution, etc. [1960], 1962
300 ## - PHYSICAL DESCRIPTION
Extent 303 p.
Dimensions 23 cm.
504 ## - BIBLIOGRAPHY, ETC. NOTE
Bibliography, etc. note Includes bibliography.
650 #0 - SUBJECT ADDED ENTRY--TOPICAL TERM
Topical term or geographic name entry element Pastoral counseling.
650 #0 - SUBJECT ADDED ENTRY--TOPICAL TERM
Topical term or geographic name entry element Psychology
General subdivision Dictionaries.
906 ## - LOCAL DATA ELEMENT F, LDF (RLIN)
a 7
b cbc
c orignew
d u
e ocip
f 19
g y-gencatlg
942 ## - ADDED ENTRY ELEMENTS (KOHA)
Source of classification or shelving scheme Dewey Decimal Classification
Koha item type Books
Koha issues (borrowed), all copies 6
Holdings
Withdrawn status Lost status Source of classification or shelving scheme Damaged status Not for loan Home library Current Library Shelving location Date acquired Total checkouts Total renewals Full call number Barcode Date last seen Date last checked out Copy number Price effective from Koha item type
    Dewey Decimal Classification     GRACE BIBLE COLLEGE GRACE BIBLE COLLEGE Ministry & Mission 2016-11-24 9 2 253.5 NAR 000432 2025-05-01 2021-11-11 c.1 2016-11-24 Books
© Grace Bible College Library 2025